000 01783nas a2200361 i 4500
001 323517
003 AGNRD
005 20250716151101.0
007 ta
008 250716e2025 dr a p|ro || ospa || |
010 _a2025
020 _a9789945164435
022 _a2811-5082
040 _cAGNRD
_aAGNRD
_eRDA
_bspa
_dDO-SdBNP
041 _aspa
110 _968169
_aRepública Dominicana. Consejo Nacional de Bioética en Salud (CONABIOS)
245 _aMemoria institucional :
_bCONABIOS 2023-2024 /
_cConsejo Nacional de Bioética en Salud [y otros cuatros].
264 _aSanto Domingo, República Dominicana :
_bMinisterio de Salud Pública (MSP).
_bConsejo Nacional de Bioética en Salud (CONABIOS),
_c2025.
300 _avolumen :
_bilustraciones, fotografías tablas ;
_c26 cm.
310 _aMemoria 2023-2024.
336 _atexto
_btxt
_2rdacontent
337 _asin mediación
_bn
_2rdamedia
338 _avolumen
_bnc
_2rdacarrier
362 _aAño 2025.
500 _aEsta Memoria incluye ISBN y ISSN.
505 _aPrólogo, 7.-- Estructura e identidad institucional, 11.-- Sesione del pleno del CONABIOS, 23.-- Gestión administrativa, 27.-- Gestión de monitoreo, 59.-- Gestión de creación y capacitación del Comité de Ética de Investigación, 85.-- Actividades y fortalecimiento institucional, 89.-- Capacitación, 99.-- Anexos, 103.
610 _968170
_aConsejo Nacional de Bioética en Salud (CONABIOS)
_xMemorias e informes
700 _aFernández R., Aura Celeste
_ecoordinadora
_928963
700 _aPlácido Montero, José
_ecoordinador
_988373
700 _aAdorno Rivera, Jenny M.
_ecoordinadora
_988374
700 _aEspinal Durán, Esmarlin R.
_ediseño, diagramación, cuidado de edición y portada
_988375
942 _2ddc
_cISSUE
999 _c59565
_d59565